[Event "Women Russian Superfinal 2015"]
[Site "Chita RUS"]
[Date "2015.08.16"]
[Round "7"]
[White "Bodnaruk, Anastasia"]
[Black "Pogonina, Natalija"]
[Result "1/2-1/2"]
[WhiteElo "2431"]
[BlackElo "2460"]
[PlyCount "242"]
[EventDate "2015.08.09"]

1. e4 e5 2. Nf3 Nc6 3. Bc4 Bc5 4. c3 Nf6 5. d3 O-O 6. O-O d6 7. b4 Bb6 8. a4 a5
9. b5 Ne7 10. Re1 Ng6 11. h3 h6 12. Na3 d5 13. exd5 Nxd5 14. Bxd5 Qxd5 15. c4
Qd6 16. Bb2 Bf5 17. Nxe5 Rad8 18. Qf3 Bxd3 19. Bc3 Nxe5 20. Rxe5 c6 21. Qg4 Bg6
22. c5 Bxc5 23. Nc4 Qd3 24. Rc1 Bb4 25. Re3 Qd5 26. Re5 Qd3 27. Re3 h5 28. Qh4
Qd5 29. Re5 Qd7 30. Bb2 cxb5 31. Rxb5 Rc8 32. Rf1 Qe7 33. Qxe7 Bxe7 34. Rxb7
Rxc4 35. Rxe7 Rxa4 36. Ra1 Rxa1+ 37. Bxa1 Rc8 38. Bd4 a4 39. Ra7 Bc2 40. Kf1
Bb3 41. Ke2 Kh7 42. h4 Kg6 43. Kd3 Rc6 44. Ra5 f6 45. Ke3 Rc7 46. Kd2 Rc2+ 47.
Kd3 Ra2 48. Bc5 Rc2 49. Bd4 Rc7 50. Kd2 Rc6 51. Ke3 Kh6 52. Kd2 Rd6 53. Ke3 Rd5
54. Ra7 Rf5 55. Kd2 g5 56. Ra6 Kg6 57. hxg5 Kxg5 58. g3 Rf3 59. Ra5+ Kg4 60.
Be3 h4 61. gxh4 Kxh4 62. Ke2 Kg4 63. Ra7 Rh3 64. Kd2 Kf3 65. Kc3 f5 66. Ra8 Rh4
67. Kb2 Rc4 68. Ka3 Ke4 69. Re8+ Kd5 70. Rd8+ Ke5 71. Re8+ Kf6 72. Rf8+ Kg6 73.
Rd8 Bc2 74. Rd4 Rc8 75. Rh4 Kf6 76. Rd4 Ke5 77. Rh4 Rc3+ 78. Kb2 Rc6 79. Bd4+
Kd5 80. Be3 Be4 81. Ka3 Rc4 82. Bd2 Rc2 83. Be3 Kc4 84. Rh6 Kb5 85. Rb6+ Ka5
86. Rd6 Rc3+ 87. Ka2 Rb3 88. Rd8 Bb1+ 89. Ka1 Be4 90. Ka2 Ka6 91. Rd6+ Ka5 92.
Rd8 Bc6 93. Rd1 Rb5 94. Bd2+ Ka6 95. Rc1 Bd7 96. Be3 Rd5 97. Rc7 Rd3 98. Ra7+
Kb5 99. Rb7+ Kc6 100. Rb6+ Kc7 101. Rf6 Bc6 102. Rxf5 Bd5+ 103. Ka1 a3 104.
Rxd5 Rxd5 105. Ka2 Rd3 106. Bc5 Kc6 107. Bxa3 Kb5 108. Be7 Kc4 109. Bg5 Rd5
110. Bh6 Rd6 111. Bf4 Rf6 112. Bg3 Rb6 113. Ka3 Rb7 114. Be5 Rb3+ 115. Ka2 Rf3
116. Bg3 Kc3 117. Ka3 Rf8 118. Ka4 Kc4 119. Ka5 Kc5 120. Ka6 Kc6 121. Ka5 Kc5
1/2-1/2

[Event "Women Russian Superfinal 2015"]
[Site "Chita RUS"]
[Date "2015.08.16"]
[Round "7"]
[White "Kosteniuk, Alexandra"]
[Black "Savina, Anastasia"]
[Result "1-0"]
[WhiteElo "2526"]
[BlackElo "2429"]
[PlyCount "83"]
[EventDate "2015.08.09"]

1. e4 c5 2. Nf3 e6 3. d4 cxd4 4. Nxd4 Bc5 5. Nc3 Qb6 6. Be3 Nc6 7. Ndb5 Bxe3 8.
fxe3 Nf6 9. Nd6+ Ke7 10. Qd2 Ne5 11. O-O-O Ne8 12. Nf5+ Kd8 13. Nd4 a6 14. Nf3
Qc7 15. Qf2 Ke7 16. Qh4+ Nf6 17. Qg3 d6 18. Nxe5 dxe5 19. Qxg7 Rg8 20. Qh6 b5
21. Be2 b4 22. Rhf1 Rg6 23. Qh4 Qb6 24. Nb1 Qxe3+ 25. Nd2 Bb7 26. Bh5 Qg5 27.
Qf2 Qxh5 28. Qb6 Kf8 29. Qxb7 Rd8 30. Nc4 Rxd1+ 31. Rxd1 Rxg2 32. Nd6 a5 33.
Rf1 Qg5+ 34. Kb1 Qg6 35. a3 Kg7 36. axb4 axb4 37. Ka2 Rxc2 38. Qe7 b3+ 39. Ka3
Rc6 40. Rxf6 Ra6+ 41. Kxb3 Rb6+ 42. Ka4 1-0

[Event "Women Russian Superfinal 2015"]
[Site "Chita RUS"]
[Date "2015.08.16"]
[Round "7"]
[White "Girya, Olga"]
[Black "Goryachkina, Aleksandra"]
[Result "0-1"]
[WhiteElo "2487"]
[BlackElo "2474"]
[PlyCount "240"]
[EventDate "2015.08.09"]

1. d4 d5 2. c4 c6 3. Nf3 Nf6 4. Nc3 e6 5. e3 Nbd7 6. Qc2 Bd6 7. Bd3 O-O 8. O-O
dxc4 9. Bxc4 e5 10. dxe5 Nxe5 11. Nxe5 Bxe5 12. h3 Qe7 13. Bd2 Be6 14. Bd3 Rad8
15. Rfd1 Rfe8 16. Ne2 h6 17. Nf4 Bxf4 18. exf4 Nd5 19. a3 Qf6 20. f5 Bc8 21.
Re1 Bd7 22. b4 Rxe1+ 23. Rxe1 Re8 24. Rxe8+ Bxe8 25. Bc1 a6 26. Bb2 Qd8 27. Qc5
f6 28. Bf1 Bf7 29. Qa7 Qc8 30. g4 Nc7 31. Qd4 Nd5 32. Qa7 Nc7 33. Qc5 Qd8 34.
Qd4 Nd5 35. h4 Qd7 36. Bh3 Be8 37. Qe4 Bf7 38. Qd4 Be8 39. Qe4 Bf7 40. Qd3 Qe7
41. Bf1 h5 42. Qg3 hxg4 43. Qxg4 Qe1 44. Bd4 Qc1 45. Qf3 b6 46. Be3 Qxa3 47. h5
Kh7 48. h6 gxh6 49. Qe4 Nxe3 50. fxe3 Qc3 51. Bxa6 Qe1+ 52. Kh2 Qf2+ 53. Kh3 c5
54. bxc5 bxc5 55. Bc8 Qf1+ 56. Kh2 Qe2+ 57. Kg1 Qd1+ 58. Kf2 Qd2+ 59. Kg1 Qc1+
60. Kf2 Qb2+ 61. Kf1 Qa1+ 62. Kf2 Qb2+ 63. Kf1 Qe5 64. Qb7 Kg8 65. Be6 Bxe6 66.
fxe6 Qxe6 67. Qb8+ Kf7 68. Qb7+ Qe7 69. Qd5+ Kf8 70. Ke2 Qe5 71. Qd8+ Kf7 72.
Qd7+ Kg6 73. Qg4+ Kf7 74. Qd7+ Qe7 75. Qd5+ Kg7 76. Qg2+ Kh7 77. Qd5 Qc7 78.
Qf5+ Kg7 79. Qg4+ Kf8 80. Qh5 Qe5 81. Qxh6+ Ke8 82. Qg6+ Kd7 83. Qd3+ Kc7 84.
Qb5 Qc3 85. Qa6 Qb2+ 86. Kf1 Qc1+ 87. Ke2 Qc2+ 88. Ke1 f5 89. Qa7+ Kc6 90. Qa8+
Kb5 91. Qb7+ Kc4 92. Qa6+ Kb3 93. Qb5+ Ka2 94. Qa5+ Kb2 95. Qb5+ Kc1 96. Qa6
Qd2+ 97. Kf1 Qxe3 98. Qa1+ Kc2 99. Qa2+ Kc3 100. Qa5+ Kd4 101. Qb6 f4 102. Qa7
Qf3+ 103. Ke1 Qg3+ 104. Kf1 Qd3+ 105. Ke1 f3 106. Qa4+ Qc4 107. Qd1+ Ke4 108.
Qb1+ Qd3 109. Qb2 Qe3+ 110. Kf1 Qd4 111. Qb7+ Qd5 112. Qh7+ Kd4 113. Qg7+ Kc4
114. Qg4+ Kb3 115. Qc8 Qd3+ 116. Kf2 Qe2+ 117. Kg3 f2 118. Qxc5 f1=Q 119. Qd5+
Qc4 120. Qb7+ Qb5 0-1

[Event "Women Russian Superfinal 2015"]
[Site "Chita RUS"]
[Date "2015.08.16"]
[Round "7"]
[White "Kovalevskaya, Ekaterina"]
[Black "Gunina, Valentina"]
[Result "1-0"]
[WhiteElo "2453"]
[BlackElo "2531"]
[PlyCount "163"]
[EventDate "2015.08.09"]

1. e4 c6 2. Nc3 d5 3. d4 dxe4 4. Nxe4 Bf5 5. Ng3 Bg6 6. Nf3 Nd7 7. h4 h6 8. h5
Bh7 9. Bd3 Bxd3 10. Qxd3 e6 11. Bd2 Ngf6 12. O-O-O Be7 13. Ne4 Nxe4 14. Qxe4
Nf6 15. Qd3 Ng4 16. Qe2 Qd5 17. c4 Qf5 18. Ne1 Bg5 19. f3 Bxd2+ 20. Qxd2 Nf6
21. g4 Qg5 22. Nd3 Qxd2+ 23. Kxd2 Rd8 24. Kc3 O-O 25. Rhe1 Ne8 26. Nc5 Nd6 27.
a4 b6 28. Nd3 Rb8 29. c5 Nc8 30. Ne5 Rb7 31. Nxc6 Rc7 32. Ne5 bxc5 33. dxc5
Rxc5+ 34. Kb3 Nb6 35. Nd7 Nxd7 36. Rxd7 Rb8+ 37. Ka3 Rc2 38. Rb1 a5 39. Ra7 Rc5
40. Rd1 Rc2 41. Rb1 Rc5 42. Rd1 Re5 43. Rd3 Rc8 44. b3 Rb8 45. f4 Re4 46. Rf3
Re1 47. Rxa5 Ra1+ 48. Kb2 Rg1 49. g5 Kh7 50. Rb5 Rd8 51. Rf2 Rdd1 52. Ka3 Ra1+
53. Ra2 Rad1 54. a5 Rd6 55. Rb6 Rd5 56. b4 hxg5 57. fxg5 Rgxg5 58. a6 Rd7 59.
Ka4 Ra7 60. b5 Ra8 61. Rb7 e5 62. a7 e4 63. Kb4 e3 64. Re2 Re5 65. b6 Re6 66.
Rb8 Rxb6+ 67. Rxb6 Rxa7 68. Rxe3 f6 69. Rb5 Ra1 70. Rg3 Rh1 71. Kc3 Rc1+ 72.
Kd4 Rd1+ 73. Ke4 Rd7 74. Kf5 Kh6 75. Rg6+ Kxh5 76. Ke6+ Kxg6 77. Kxd7 Kf7 78.
Kd6 g5 79. Kd5 Kg6 80. Ke4 Kh5 81. Kf5 Kh4 82. Rb3 1-0

[Event "Women Russian Superfinal 2015"]
[Site "Chita RUS"]
[Date "2015.08.16"]
[Round "7"]
[White "Lagno, Kateryna"]
[Black "Kashlinskaya, Alina"]
[Result "1-0"]
[WhiteElo "2530"]
[BlackElo "2441"]
[PlyCount "57"]
[EventDate "2015.08.09"]

1. c4 Nf6 2. Nc3 e6 3. d4 Bb4 4. e3 c5 5. Bd3 Nc6 6. Nge2 cxd4 7. exd4 d5 8.
cxd5 Nxd5 9. O-O O-O 10. Qc2 g6 11. Nxd5 exd5 12. Qb3 Bd6 13. Be3 Re8 14. Rac1
Bg4 15. Ng3 h5 16. Qxd5 Bxg3 17. Qxd8 Bxh2+ 18. Kxh2 Rexd8 19. Be4 Nxd4 20. b3
Be2 21. Rfe1 Ba6 22. Red1 Nb5 23. Bf3 Rxd1 24. Rxd1 Nc3 25. Rd7 Re8 26. a4 b5
27. Rxa7 Bc8 28. Bc6 Re6 29. axb5 1-0

[Event "Women Russian Superfinal 2015"]
[Site "Chita RUS"]
[Date "2015.08.17"]
[Round "8"]
[White "Pogonina, N."]
[Black "Ovod, E."]
[Result "1/2-1/2"]
[WhiteElo "2460"]
[BlackElo "2327"]
[PlyCount "103"]
[EventDate "2015.08.09"]

1. d4 Nf6 2. c4 e6 3. Nf3 Bb4+ 4. Bd2 Bxd2+ 5. Nbxd2 O-O 6. e4 d6 7. Bd3 e5 8.
O-O Nc6 9. d5 Nb4 10. Be2 a5 11. a3 Na6 12. b4 Bg4 13. Rb1 Bxf3 14. Bxf3 axb4
15. axb4 c5 16. dxc6 bxc6 17. b5 Nc5 18. Qc2 Qb6 19. Be2 Rfc8 20. Rfc1 Kf8 21.
Ra1 Ke7 22. h3 Rxa1 23. Rxa1 Rc7 24. Qb1 Rb7 25. Bf1 h5 26. Ra2 g6 27. Kh2 Ne8
28. Nb3 Nxb3 29. Qxb3 Nc7 30. Qg3 Kf8 31. Qg5 Kg7 32. Qd8 cxb5 33. cxb5 Rb8 34.
Qd7 Ne6 35. Bc4 Rb7 36. Qe8 Rb8 37. Qd7 Rb7 38. Qc6 Nc5 39. Qd5 Ne6 40. Qc6 Nc5
41. Ra8 Nd7 42. Qc8 Rb8 43. Rxb8 Nxb8 44. f3 Qe3 45. Bd5 h4 46. Qc7 Nd7 47. b6
Qf4+ 48. Kh1 Nc5 49. b7 Qc1+ 50. Kh2 Qf4+ 51. Kh1 Qc1+ 52. Kh2 1/2-1/2

[Event "Women Russian Superfinal 2015"]
[Site "Chita RUS"]
[Date "2015.08.17"]
[Round "8"]
[White "Kashlinskaya, A."]
[Black "Kovalevskaya, E."]
[Result "1/2-1/2"]
[WhiteElo "2441"]
[BlackElo "2453"]
[PlyCount "119"]
[EventDate "2015.08.09"]

1. d4 Nf6 2. c4 e6 3. Nc3 d5 4. cxd5 exd5 5. Bg5 c6 6. Qc2 Be6 7. e3 Nbd7 8.
Bd3 h6 9. Bh4 g5 10. Bg3 Nh5 11. Nge2 Nxg3 12. Nxg3 Nf6 13. Rb1 h5 14. Nf5 Ne4
15. Bxe4 dxe4 16. Qxe4 Qf6 17. d5 cxd5 18. Qa4+ Bd7 19. Qd4 Qxd4 20. Nxd4 Bb4
21. Ke2 Bxc3 22. bxc3 b6 23. Nb5 Ke7 24. Nc7 Rac8 25. Nxd5+ Ke6 26. Rhd1 Rc5
27. e4 Rhc8 28. Rd4 Bb5+ 29. Kd2 Bc4 30. Ne3 Bxa2 31. Ra1 Ra5 32. c4 Rcc5 33.
Kc3 Ra3+ 34. Kb2 Rca5 35. Rd5 Rb3+ 36. Kc1 Ra4 37. Rxg5 Rbb4 38. Nc2 Rxc4 39.
Kb2 Rc8 40. Rxh5 a6 41. Rh6+ f6 42. Ne3 Rc5 43. Nc2 Rb5+ 44. Kc3 Rc5+ 45. Kd3
Bc4+ 46. Ke3 Rxa1 47. Nxa1 Bf1 48. g4 Rc1 49. g5 Rxa1 50. Rxf6+ Ke7 51. h4 Ra3+
52. Kd4 Rh3 53. Rxb6 Rxh4 54. Ke5 Rh2 55. f4 Rc2 56. g6 Rc5+ 57. Kd4 Rb5 58.
Rc6 Rb4+ 59. Ke3 Rxe4+ 60. Kxe4 1/2-1/2

[Event "Women Russian Superfinal 2015"]
[Site "Chita RUS"]
[Date "2015.08.17"]
[Round "8"]
[White "Girya, O."]
[Black "Kosteniuk, A."]
[Result "1/2-1/2"]
[WhiteElo "2487"]
[BlackElo "2526"]
[PlyCount "50"]
[EventDate "2015.08.09"]

1. d4 Nf6 2. c4 e6 3. Nf3 b6 4. g3 Bb4+ 5. Bd2 Bxd2+ 6. Qxd2 Ba6 7. b3 c6 8.
Nc3 d5 9. e4 dxe4 10. Ng5 c5 11. Bg2 Nc6 12. dxc5 Qxd2+ 13. Kxd2 Rd8+ 14. Kc1
Ke7 15. Ngxe4 Ng4 16. cxb6 axb6 17. h3 Nge5 18. f4 Nd3+ 19. Kb1 f5 20. Ng5 Bb7
21. Rd1 Nc5 22. Kb2 Nd3+ 23. Kb1 Nc5 24. Kb2 Nd3+ 25. Kb1 Nc5 1/2-1/2

[Event "Women Russian Superfinal 2015"]
[Site "Chita RUS"]
[Date "2015.08.17"]
[Round "8"]
[White "Savina, A."]
[Black "Lagno, Kateryna"]
[Result "1/2-1/2"]
[WhiteElo "2429"]
[BlackElo "2530"]
[PlyCount "37"]
[EventDate "2015.08.09"]

1. d4 Nf6 2. c4 g6 3. Nc3 d5 4. Bf4 Bg7 5. e3 O-O 6. Rc1 Be6 7. cxd5 Nxd5 8.
Nxd5 Qxd5 9. b3 Qa5+ 10. Qd2 Qxd2+ 11. Kxd2 c6 12. Bc4 Bxc4 13. Rxc4 Nd7 14.
Nf3 a5 15. a4 Nb6 16. Rc5 Nd7 17. Rc4 Nb6 18. Rc5 Nd7 19. Rc4 1/2-1/2

[Event "Women Russian Superfinal 2015"]
[Site "Chita RUS"]
[Date "2015.08.17"]
[Round "8"]
[White "Goryachkina, A."]
[Black "Guseva, Marina"]
[Result "1-0"]
[WhiteElo "2474"]
[BlackElo "2431"]
[PlyCount "81"]
[EventDate "2015.08.09"]

1. d4 d5 2. c4 c6 3. Nf3 Nf6 4. Nc3 e6 5. Bg5 Nbd7 6. e3 Qa5 7. Nd2 Bb4 8. Qc2
O-O 9. Be2 c5 10. Bf4 cxd4 11. exd4 Bxc3 12. bxc3 Re8 13. O-O e5 14. Be3 Qc7
15. a4 exd4 16. cxd4 dxc4 17. Qxc4 Qxc4 18. Nxc4 Nd5 19. a5 N7f6 20. Rfc1 h6
21. Nd6 Rd8 22. Nxc8 Raxc8 23. Bf3 b5 24. Kf1 Kf8 25. Bd2 Ke7 26. Rc5 Rxc5 27.
dxc5 Kd7 28. h4 Re8 29. Rd1 Kc6 30. Bc3 Rd8 31. g4 Ne8 32. Be5 Kxc5 33. Bd4+
Kb4 34. Bxa7 Rd7 35. Bd4 Kb3 36. a6 f6 37. a7 Nec7 38. Bc5 Kc4 39. Rc1+ Kb3 40.
Bd4 Rd8 41. Rc5 1-0

[Event "Women Russian Superfinal 2015"]
[Site "Chita RUS"]
[Date "2015.08.17"]
[Round "8"]
[White "Gunina, V."]
[Black "Bodnaruk, A."]
[Result "1/2-1/2"]
[WhiteElo "2531"]
[BlackElo "2431"]
[PlyCount "125"]
[EventDate "2015.08.09"]

1. d4 Nf6 2. c4 e6 3. Nf3 Bb4+ 4. Bd2 Qe7 5. g3 Bxd2+ 6. Qxd2 Nc6 7. Nc3 d5 8.
Bg2 dxc4 9. O-O O-O 10. Ne5 Nxe5 11. dxe5 Nd7 12. Qd4 Qb4 13. Rac1 Qb6 14. Qf4
Qa5 15. Rfd1 Nxe5 16. h4 f6 17. h5 Bd7 18. h6 Rad8 19. Bxb7 g5 20. Qe3 Qb6 21.
Qxb6 axb6 22. Ne4 Kf7 23. b3 cxb3 24. axb3 c5 25. Rd6 Bb5 26. Rc2 c4 27. Rxb6
Rd1+ 28. Kg2 cxb3 29. Rc7+ Bd7 30. Nc5 Kg6 31. f4 gxf4 32. gxf4 Nc4 33. Rxb3
Rf7 34. Rg3+ Kxh6 35. Nxd7 Rfxd7 36. Rxc4 Rxb7 37. f5 Kh5 38. fxe6 Rd5 39. Rf4
Rg5 40. Rxf6 Re7 41. e4 Rxg3+ 42. Kxg3 Kg5 43. e5 h5 44. Kf3 h4 45. Ke4 h3 46.
Rf5+ Kg4 47. Rf4+ Kg5 48. Rf3 Kg4 49. Rf6 Kg5 50. Kd5 h2 51. Rf1 Rh7 52. Rh1
Kf5 53. Kd6 Rh6 54. Kd5 Rh7 55. Kd6 Rh6 56. Rf1+ Ke4 57. Re1+ Kf5 58. Rf1+ Ke4
59. Kd7 h1=Q 60. Rxh1 Rxh1 61. e7 Rh8 62. e6 Kd5 63. e8=Q 1/2-1/2

[Event "Women Russian Superfinal 2015"]
[Site "Chita RUS"]
[Date "2015.08.18"]
[Round "9"]
[White "Bodnaruk, A."]
[Black "Kashlinskaya, A."]
[Result "1-0"]
[WhiteElo "2431"]
[BlackElo "2441"]
[PlyCount "61"]
[EventDate "2015.08.09"]

1. e4 e6 2. d4 d5 3. e5 c5 4. c3 Nc6 5. Nf3 Bd7 6. a3 c4 7. g3 Na5 8. Nbd2 Bc6
9. Bg2 Qd7 10. O-O Ne7 11. Ne1 O-O-O 12. b4 cxb3 13. Nd3 Nf5 14. Re1 Ba4 15.
Nb2 b5 16. Nxa4 bxa4 17. Bb2 Be7 18. c4 Kb8 19. Qf3 Bg5 20. cxd5 exd5 21. Ne4
dxe4 22. Rxe4 Nb7 23. d5 Ne7 24. d6 Nc8 25. Rc4 Nb6 26. Rc7 Na5 27. Rxd7 Rxd7
28. Bd4 Nac4 29. Re1 b2 30. Bxb2 Nxb2 31. Rb1 1-0

[Event "Women Russian Superfinal 2015"]
[Site "Chita RUS"]
[Date "2015.08.18"]
[Round "9"]
[White "Kovalevskaya, E."]
[Black "Savina, A."]
[Result "1/2-1/2"]
[WhiteElo "2453"]
[BlackElo "2429"]
[PlyCount "47"]
[EventDate "2015.08.09"]

1. e4 e5 2. Nf3 Nc6 3. Nc3 Nf6 4. d4 exd4 5. Nxd4 Bb4 6. Nxc6 bxc6 7. Bd3 d5 8.
exd5 cxd5 9. O-O O-O 10. Bg5 c6 11. Qf3 h6 12. Bxf6 Qxf6 13. Qxf6 gxf6 14. Ne2
Bd6 15. Rad1 Bg4 16. h3 Bxe2 17. Bxe2 Be5 18. b3 Bc3 19. Rd3 d4 20. Rg3+ Kh8
21. Rf3 Kg7 22. Rg3+ Kh8 23. Rf3 Kg7 24. Rg3+ 1/2-1/2

[Event "Women Russian Superfinal 2015"]
[Site "Chita RUS"]
[Date "2015.08.18"]
[Round "9"]
[White "Kosteniuk, A."]
[Black "Goryachkina, A."]
[Result "1/2-1/2"]
[WhiteElo "2526"]
[BlackElo "2474"]
[PlyCount "80"]
[EventDate "2015.08.09"]

1. c4 c5 2. Nc3 Nc6 3. Nf3 g6 4. d4 cxd4 5. Nxd4 Bg7 6. Nc2 Bxc3+ 7. bxc3 Nf6
8. Nb4 O-O 9. Nd5 b6 10. Ba3 d6 11. Nxf6+ exf6 12. Qxd6 Qxd6 13. Bxd6 Re8 14.
e3 Bb7 15. Rb1 Re6 16. c5 Na5 17. Bc7 Bd5 18. Rb5 Bc6 19. Rb2 Bd5 20. Rd2 Bc4
21. cxb6 axb6 22. Bg3 Kg7 23. Be2 Bxe2 24. Kxe2 Rc6 25. Rd3 Nc4 26. Ra1 Ra3 27.
Kf3 Ne5+ 28. Bxe5 fxe5 29. Ke2 Rcxc3 30. Rd2 Rc5 31. Rb1 Rca5 32. Rbb2 h5 33.
Kd1 b5 34. Kc1 b4 35. e4 Kf6 36. Kb1 Rb5 37. Rd6+ Ke7 38. Rc6 b3 39. axb3 Raxb3
40. Rxb3 Rxb3+ 1/2-1/2

[Event "Women Russian Superfinal 2015"]
[Site "Chita RUS"]
[Date "2015.08.18"]
[Round "9"]
[White "Lagno, Kateryna"]
[Black "Girya, O."]
[Result "0-1"]
[WhiteElo "2530"]
[BlackElo "2487"]
[PlyCount "58"]
[EventDate "2015.08.09"]

1. e4 c6 2. d4 d5 3. Nd2 dxe4 4. Nxe4 Nd7 5. Ng5 Ngf6 6. Bd3 e6 7. N1f3 Bd6 8.
Qe2 h6 9. Ne4 Nxe4 10. Qxe4 Qc7 11. O-O b6 12. Qg4 Kf8 13. b3 Bb7 14. Bb2 Nf6
15. Qh3 Nd5 16. g3 c5 17. dxc5 Bxc5 18. Ne5 Nf6 19. Rae1 Rd8 20. Bg6 Ba8 21.
Nxf7 Qb7 22. Be4 Qxf7 23. Bxa8 Rxa8 24. Bxf6 Qxf6 25. Rxe6 Qf7 26. Qg2 Rd8 27.
Qe4 Kg8 28. c3 Rd2 29. b4 Rxf2 0-1

[Event "Women Russian Superfinal 2015"]
[Site "Chita RUS"]
[Date "2015.08.18"]
[Round "9"]
[White "Ovod, E."]
[Black "Gunina, V."]
[Result "1-0"]
[WhiteElo "2327"]
[BlackElo "2531"]
[PlyCount "81"]
[EventDate "2015.08.09"]

1. d4 d5 2. c4 c6 3. cxd5 cxd5 4. Nf3 Nc6 5. Nc3 Nf6 6. Bf4 e6 7. e3 Be7 8. h3
O-O 9. Bd3 Bd7 10. O-O Be8 11. Rc1 Rc8 12. Ne5 a6 13. Bb1 b5 14. Qd3 b4 15. Ng4
g6 16. Nxf6+ Bxf6 17. Ne2 a5 18. Bh6 Bg7 19. Bxg7 Kxg7 20. Rc5 Nb8 21. Rfc1
Rxc5 22. Rxc5 Qb6 23. Qd2 Na6 24. Rc1 Bb5 25. Nf4 Rb8 26. Bd3 Nc7 27. Rc5 Bxd3
28. Nxd3 Ne8 29. Ne5 Rb7 30. Qc2 Nd6 31. Qa4 Ne4 32. Rxa5 Rc7 33. Nd3 Rc4 34.
Ra7 Qd8 35. Ne5 Rc7 36. Rxc7 Qxc7 37. Qd7 Qxd7 38. Nxd7 Nd2 39. Nc5 Kf6 40. b3
e5 41. Nd7+ 1-0

[Event "Women Russian Superfinal 2015"]
[Site "Chita RUS"]
[Date "2015.08.18"]
[Round "9"]
[White "Guseva, Marina"]
[Black "Pogonina, N."]
[Result "1/2-1/2"]
[WhiteElo "2431"]
[BlackElo "2460"]
[PlyCount "100"]
[EventDate "2015.08.09"]

1. d4 Nf6 2. c4 e6 3. Nc3 Bb4 4. Qc2 O-O 5. Nf3 b6 6. a3 Bxc3+ 7. Qxc3 Bb7 8.
g3 d6 9. Bg2 Nbd7 10. O-O Be4 11. Rd1 Qe7 12. b4 c6 13. Bd2 Rfe8 14. Qb2 Rac8
15. a4 a6 16. Rdc1 h6 17. Ra3 Qf8 18. h3 e5 19. dxe5 dxe5 20. Re3 Qd6 21. Bc3
Qc7 22. Rd1 b5 23. axb5 axb5 24. c5 Bxf3 25. Rxf3 e4 26. Rf5 Re6 27. g4 Rce8
28. g5 hxg5 29. e3 g4 30. hxg4 Nxg4 31. Rg5 Qh2+ 32. Kf1 Ndf6 33. Bxf6 Nxf6 34.
Rg3 Qh5 35. Ra1 Rd8 36. Bxe4 Ng4 37. Bf3 Rg6 38. Ke2 Qf5 39. Qb1 Qe6 40. Qc2
Nxe3 41. Rxg6 Nxc2+ 42. Rxe6 fxe6 43. Rb1 Nd4+ 44. Ke3 Nf5+ 45. Kf4 Ne7 46. Ke5
Kf7 47. Be4 Nd5 48. f3 Rd7 49. Rb2 Ke7 50. Rb1 Kf7 1/2-1/2

[Event "Women Russian Superfinal 2015"]
[Site "Chita RUS"]
[Date "2015.08.19"]
[Round "10"]
[White "Gunina, V."]
[Black "Guseva, Marina"]
[Result "1-0"]
[WhiteElo "2531"]
[BlackElo "2431"]
[PlyCount "89"]
[EventDate "2015.08.09"]

1. d4 d5 2. c4 c6 3. Nf3 Nf6 4. Nc3 e6 5. e3 Nbd7 6. Qc2 a6 7. b3 Bd6 8. Bb2 e5
9. cxd5 cxd5 10. dxe5 Nxe5 11. Nxe5 Bxe5 12. Bd3 O-O 13. Ne2 Qa5+ 14. Bc3 Bxc3+
15. Qxc3 Qxc3+ 16. Nxc3 Bd7 17. Kd2 Rac8 18. Rac1 Rfd8 19. f3 h5 20. h4 Kf8 21.
Ne2 Ke7 22. Nd4 g6 23. b4 Ne8 24. Rc5 Kd6 25. Rhc1 Ng7 26. g3 Ne6 27. Rxc8 Rxc8
28. Rxc8 Bxc8 29. Kc3 Nxd4 30. Kxd4 Bd7 31. Be2 f6 32. Bd1 b6 33. Bb3 Be6 34.
a3 g5 35. Ba2 gxh4 36. gxh4 a5 37. Bb3 f5 38. Ba2 a4 39. Bb1 Bd7 40. Bd3 Ke6
41. Ba6 Kd6 42. Be2 Be8 43. f4 b5 44. Bf1 Bc6 45. Bg2 1-0

[Event "Women Russian Superfinal 2015"]
[Site "Chita RUS"]
[Date "2015.08.19"]
[Round "10"]
[White "Girya, O."]
[Black "Kovalevskaya, E."]
[Result "1/2-1/2"]
[WhiteElo "2487"]
[BlackElo "2453"]
[PlyCount "86"]
[EventDate "2015.08.09"]

1. d4 Nf6 2. c4 e6 3. Nc3 d5 4. cxd5 exd5 5. Bg5 c6 6. Qc2 Be6 7. e3 Nbd7 8.
Bd3 h6 9. Bh4 g5 10. Bg3 Nh5 11. Nge2 Nxg3 12. Nxg3 h5 13. e4 Nf6 14. e5 Ng8
15. O-O Qd7 16. Rab1 h4 17. Nf5 Nh6 18. Ne3 Be7 19. b4 O-O 20. f4 f5 21. Na4
gxf4 22. Rxf4 Bg5 23. Rf3 b6 24. Nc3 f4 25. Nf1 Bg4 26. Nd2 Nf5 27. Bxf5 Bxf5
28. Qb3 Bxb1 29. Qxb1 Qh7 30. Qb3 b5 31. Nde4 Be7 32. Nf2 a5 33. Nd3 Ra7 34.
bxa5 b4 35. Nxb4 Bxb4 36. Qxb4 Qc2 37. Qd6 Rg7 38. Qe6+ Rff7 39. Qc8+ Rf8 40.
Qh3 Rf5 41. Rf2 Qc1+ 42. Rf1 Qd2 43. Rf2 Qc1+ 1/2-1/2

[Event "Women Russian Superfinal 2015"]
[Site "Chita RUS"]
[Date "2015.08.19"]
[Round "10"]
[White "Goryachkina, A."]
[Black "Pogonina, N."]
[Result "1/2-1/2"]
[WhiteElo "2474"]
[BlackElo "2460"]
[PlyCount "81"]
[EventDate "2015.08.09"]

1. d4 Nf6 2. c4 e6 3. g3 d5 4. Bg2 dxc4 5. Nf3 Bb4+ 6. Bd2 a5 7. a3 Bxd2+ 8.
Nbxd2 b5 9. b3 cxb3 10. Qxb3 c6 11. O-O O-O 12. Rfc1 Bb7 13. Qb2 Nbd7 14. Ne1
Qb6 15. Nd3 Rfc8 16. Nb3 Ba6 17. Nbc5 Nxc5 18. Nxc5 h6 19. e3 Ra7 20. Qb3 Nd7
21. f4 Nxc5 22. Rxc5 Rd7 23. Rac1 Rd6 24. g4 b4 25. a4 Qd8 26. Bf3 Kh8 27. Kg2
f6 28. h4 e5 29. fxe5 fxe5 30. Rxe5 Qxh4 31. Rh1 Qd8 32. g5 c5 33. dxc5 Rd2+
34. Kg3 Rxc5 35. Qe6 Rxe5 36. Qxe5 Kg8 37. Qe6+ Kh8 38. Qe5 Kg8 39. Qe6+ Kh8
40. Qe5 Kg8 41. Qe6+ 1/2-1/2

[Event "Women Russian Superfinal 2015"]
[Site "Chita RUS"]
[Date "2015.08.19"]
[Round "10"]
[White "Savina, A."]
[Black "Bodnaruk, A."]
[Result "0-1"]
[WhiteElo "2429"]
[BlackElo "2431"]
[PlyCount "64"]
[EventDate "2015.08.09"]

1. d4 Nf6 2. c4 e6 3. Nc3 Bb4 4. e3 O-O 5. Bd3 d5 6. Nf3 c5 7. O-O Nc6 8. cxd5
exd5 9. dxc5 Bxc5 10. h3 Qe7 11. Nb5 Ne4 12. Nbd4 Bd6 13. Nxc6 bxc6 14. Qc2 Bd7
15. b3 f5 16. Bb2 f4 17. Bxe4 dxe4 18. Nd2 Bxh3 19. gxh3 Qg5+ 20. Kh1 Qf5 21.
Qc4+ Rf7 22. Nxe4 Re8 23. Nxd6 Qxh3+ 24. Kg1 Qg4+ 25. Kh2 Qh5+ 26. Kg2 f3+ 27.
Kg3 Qg6+ 28. Qg4 Qxd6+ 29. Kh3 Re6 30. Rad1 Rh6+ 31. Qh4 Rxh4+ 32. Kxh4 Qh2+
0-1

[Event "Women Russian Superfinal 2015"]
[Site "Chita RUS"]
[Date "2015.08.19"]
[Round "10"]
[White "Kashlinskaya, A."]
[Black "Ovod, E."]
[Result "1-0"]
[WhiteElo "2441"]
[BlackElo "2327"]
[PlyCount "113"]
[EventDate "2015.08.09"]

1. d4 d5 2. c4 e6 3. Nc3 Nf6 4. cxd5 Nxd5 5. e4 Nxc3 6. bxc3 c5 7. a3 cxd4 8.
cxd4 e5 9. dxe5 Qa5+ 10. Bd2 Qxe5 11. Bd3 Bg4 12. Qa4+ Bd7 13. Qd1 Qd4 14. Be3
Qc3+ 15. Kf1 Nc6 16. Ne2 Qe5 17. Rb1 b6 18. f4 Qc7 19. Nc3 Bc5 20. Nb5 Qb8 21.
Bxc5 bxc5 22. e5 O-O 23. Bxh7+ Kxh7 24. Qxd7 Qb6 25. Qd3+ Kg8 26. Nd6 Qa5 27.
Kf2 c4 28. Qxc4 Qd2+ 29. Kg3 Qe3+ 30. Kg4 Nd4 31. Rbd1 Ne6 32. Rhe1 Qxa3 33. g3
a5 34. f5 Rab8 35. Rb1 Rxb1 36. Rxb1 Nc5 37. Nxf7 Nd3 38. Rb3 Qc5 39. Qxd3 Rxf7
40. Rb8+ Kh7 41. Qe4 Qg1 42. f6+ g6 43. Qd5 Qa7 44. Qd8 Rf8 45. Qxf8 Qd7+ 46.
Kh4 Qd4+ 47. Kh3 Qd7+ 48. g4 Qd3+ 49. Kh4 g5+ 50. Kxg5 Qd2+ 51. Kf5 Qd7+ 52.
Ke4 Qxg4+ 53. Kd5 Qg2+ 54. Kd6 Qd2+ 55. Ke7 Kg6 56. Qg7+ Kf5 57. f7 1-0

[Event "Women Russian Superfinal 2015"]
[Site "Chita RUS"]
[Date "2015.08.20"]
[Round "11"]
[White "Ovod, E."]
[Black "Savina, A."]
[Result "0-1"]
[WhiteElo "2327"]
[BlackElo "2429"]
[PlyCount "112"]
[EventDate "2015.08.09"]

1. d4 g6 2. e4 Bg7 3. c3 d6 4. Bd3 Nd7 5. Nf3 e5 6. O-O Ngf6 7. Nbd2 O-O 8. h3
Qe7 9. Re1 b6 10. a4 a6 11. Bf1 Bb7 12. d5 Nh5 13. a5 b5 14. c4 b4 15. Nb3 c5
16. dxc6 Bxc6 17. Bg5 Nhf6 18. Nfd2 h6 19. Bh4 Nc5 20. f3 Ne6 21. Qc2 Rfc8 22.
Rac1 Qe8 23. Qd3 Nd7 24. Qxd6 Bf8 25. Qd3 Ndc5 26. Qe3 Ba4 27. Bf2 Rd8 28. Nxc5
Bxc5 29. Qxh6 Bf8 30. Qe3 Bc5 31. Qh6 Bf8 32. Qe3 Kh7 33. Nb1 Bc5 34. Qxc5 Nxc5
35. Bxc5 Rab8 36. Bb6 Rdc8 37. c5 Bb5 38. Nd2 Bxf1 39. Nxf1 Qa4 40. Ne3 Rc6 41.
Nd5 Qb3 42. Kh2 Rb7 43. Re3 Qxb2 44. Rc4 Qf2 45. Rb3 g5 46. Nxb4 Rh6 47. f4 g4
48. fxe5 Qf4+ 49. Kg1 Rd7 50. Rb1 gxh3 51. Rc2 Qe3+ 52. Rf2 Rg6 53. c6 Rxg2+
54. Kh1 Qg3 55. Rxf7+ Rxf7 56. Bg1 Rh2+ 0-1